| 000 | 01025nam a22003257a 4500 | ||
|---|---|---|---|
| 003 | CHAP | ||
| 005 | 20220817042630.0 | ||
| 008 | 971013s1994 r 00010 d | ||
| 010 | _a50473 | ||
| 011 | _a51445 | ||
| 035 | _a55595 | ||
| 040 | _cCHAP | ||
| 082 |
_a636.08 _bF3Y v.120 |
||
| 110 | _aFAO | ||
| 245 | 1 | _aManual para la instalación del pequeño matadero modular de la FAO | |
| 260 |
_aRoma : _bFAO, _c1994 |
||
| 300 |
_a288 p. _b: ilus. |
||
| 490 | 0 |
_aFAO. Producción y sanidad animal _v; 120 |
|
| 590 |
_aBATCH-UPD _b10 _c20130110 _lUCH01 _h0544 |
||
| 590 |
_aBATCH-UPD _b10 _c20130410 _lUCH01 _h0226 |
||
| 590 |
_aBATCH-UPD _b10 _c20130914 _lUCH01 _h1402 |
||
| 590 |
_aCONVERSION _b10 _c20130109 _lUCH01 _h1327 |
||
| 650 | 1 | 4 |
_aMataderos. _972885 |
| 700 | 0 |
_aGarcía de Siles, J. L. _945919 |
|
| 700 | 0 |
_aQuiroga Tapias, G. _993502 |
|
| 830 | 0 |
_aFAO. Producción y sanidad animal _v; 120 _939655 |
|
| 901 | _aBK | ||
| 942 | _cLIBRO | ||
| 949 |
_a636.08 F3Y v.120 _bBC _cFAO _d33724000396271 _eFAO1 _h89668 _i55595 _si |
||
| 999 |
_c50473 _d50473 |
||